000 00700nam a22002177a 4500
003 UA-OsUOA
001 110620
007 ta
008 20150326b un ||||| |||| 00| 0 ukr d
090 _a81'373.72
_bС48
942 _cBK
040 _aUA-OsUOA
_bukr
_cUA-OsUOA
_dUA-OsUOA
245 _aСловник українських ідіом
_bпонад 2200 ідіом
_cГ. М. Удовиченко
300 _a461 с.
955 _a2
041 _aukr
080 _a81'373.72
260 _aК.
_bРадянський письменник
_c1968
650 7 _a8 Мовознавство. Художня література. Літературознавство
_2UDC
999 _c396777
_d396777